La mente en acción /
Guardado en:
| Autor Principal: | |
|---|---|
| Formato: | Libro |
| Publicado: |
Buenos Aires :
Aique
|
| Series: | Psicología Cognitiva y Educación / dirigida por Mario Carretero
|
| Materias: | |
| Etiquetas: |
Agregar Etiqueta
Sin Etiquetas, Sea el primero en etiquetar este registro!
|
| LEADER | 00880nam a22002295a 4500 | ||
|---|---|---|---|
| 001 | CEM.cems011335 | ||
| 005 | 20071017194252.0 | ||
| 008 | 130507b######################000#0#####d | ||
| 003 | CEMS | ||
| 020 | |a 9507015477 | ||
| 082 | 0 | 4 | |a 371 |
| 100 | 1 | |a Wertsch, James V. | |
| 245 | 1 | 0 | |a La mente en acción / |c James V. Wertsch |
| 260 | |a Buenos Aires : |b Aique | ||
| 300 | |a 304 p. | ||
| 490 | 0 | |a Psicología Cognitiva y Educación / dirigida por Mario Carretero | |
| 505 | 0 | |a La tarea del análisis sociocultural -- Propiedades de la acción mediada -- La narración como herramienta cultural para representar el pasado -- La acción mediada en el espacio social -- La apropiación y la resistencia | |
| 653 | |a Educación | ||
| 653 | |a Psicología cognitiva | ||
| 653 | |a Alteridad | ||
| 653 | |a Sociología de la educación | ||
| 859 | |a CEMS |b BIB. CEMS - 11 de abril |h 371 |i W497 |p 22263.03 |t Ej.1 | ||
